Statystyki dla Najczęściej wybierane przedmioty rozszerzone na maturze 2023

Kliknij tutaj aby rozwiązać quiz!

Ogólne statystyki

  • Ten quiz został rozwiązany 19 razy
  • Średni wynik to 9 z 14

Statystyki odpowiedzi

L. zdającychPrzedmiot% Poprawnych
117 254Język angielski
100%
48 249Matematyka
94%
41 272Język polski
88%
36 525Biologia
81%
32 263Geografia
75%
21 113Chemia
69%
11 760Fizyka
69%
12 750Historia
69%
11 184Wiedza o społeczeństwie
69%
2 733Język niemiecki
56%
5 103Informatyka
50%
1 012Język rosyjski
38%
1 117Filozofia
19%
2 005Historia sztuki
19%

Rozkład punktacji

Percentyl według liczby udzielonych odpowiedzi

Procent ludzi z każdym wynikiem

Twoja historia wyników

Nie rozwiązałeś tego quizu